Kvalitní balení zabraňuje škodám

Gespeichert in:
Bibliographische Detailangaben
1. Verfasser: Juričová, Hana
Format: Buch
Sprache:Tschechisch
Veröffentlicht: Praha Novinář 1990
Ausgabe:1. vyd.
Schriftenreihe:Otázky Obchodní techniky
Schlagworte:
Tags: Tag hinzufügen
Keine Tags, Fügen Sie das erste Tag hinzu!

MARC

LEADER 00000nam a2200000 4500
001 c001923
005 20221215120131.2
020 |a 80-70003-108-5 
041 0 |a cze 
044 |a CZ 
245 1 0 |a Kvalitní balení zabraňuje škodám  |c Hana Juričová a kol. 
250 |a 1. vyd. 
264 1 |a Praha  |b Novinář  |c 1990 
300 |a 104 s. 
490 1 |a Otázky Obchodní techniky 
830 0 |a Otázky Obchodní techniky 
610 2 0 |a balenie 
610 2 0 |a hospodárstvo obalové 
610 2 0 |a ČSFR 
610 2 0 |a škody 
610 2 0 |a prevencia 
610 2 0 |a normy technické 
610 2 0 |a obaly 
610 2 0 |a predpisy právne 
610 2 0 |a kvalita výrobkov 
610 2 0 |a vývoz 
100 1 |a Juričová, Hana